000 00367 a2200121 4500
001 ART_7781
005 20260410161638.0
008 260409a
245 1 0 _aLa reforma de bienes personales o el "impuestazo" del 2007
100 1 _aLorenzo, Armando
700 1 _aCavalli, César M.
773 0 _tConsultor tributario
_g- Nº 9 (nov. 2007)
_wREV474
999 _c13029
_d13029